|
|
|
|
| LEADER |
00644nab a2200181 i 4500 |
| 001 |
acta34571 |
| 005 |
20210412153913.0 |
| 008 |
161017s2014 hu o 0|| eng d |
| 022 |
|
|
|a 1588-385X
|
| 040 |
|
|
|a SZTE Egyetemi Kiadványok Repozitórium
|b hun
|
| 041 |
|
|
|a eng
|
| 100 |
1 |
|
|a Pusztai Dávid
|
| 245 |
1 |
0 |
|a Development of a novel, somatic gene transfer system in the mouse
|h [elektronikus dokumentum] /
|c Pusztai Dávid
|
| 260 |
|
|
|c 2014
|
| 300 |
|
|
|a 90
|
| 490 |
0 |
|
|a Acta biologica Szegediensis
|v 58 No. 1
|
| 695 |
|
|
|a Állatélettan, Genetika állat
|
| 856 |
4 |
0 |
|u http://acta.bibl.u-szeged.hu/34571/1/biologica_058_numb_001_090.pdf
|z Dokumentum-elérés
|